| 000 | 00680nam a2200217 u 4500 | ||
|---|---|---|---|
| 005 | 20220607063622.0 | ||
| 008 | 181001s2015 es r 000 0 spa d | ||
| 020 | _a9788494285875 | ||
| 035 | _aUPN01000226935 | ||
| 049 | _aCG | ||
| 050 | 4 |
_aPL842 O5.5 _bG6.4 |
|
| 100 | 1 |
_aYokomizo, Seishi, _d1902-1981 _942361 |
|
| 245 | 1 | 0 |
_aGokumon-tó : _bla isla de las puertas del infierno / _cSeishi Yokomizo ; tr. Ismael Funes Aguilera. |
| 260 |
_aMadrid : _bQuaterni, _c2015. |
||
| 300 | _axi, 243 p., [1] mapa | ||
| 650 | 4 |
_aLITERATURA JAPONESA _910009 |
|
| 650 | 2 |
_aNovela policiaca y de misterio _98409 |
|
| 650 | 4 |
_aCULTURA - _zJAPON _912740 |
|
| 905 | _aLibro | ||
| 999 |
_c199031 _d199031 |
||